000
00293nam a2200133Ia 4500
100
_a
Lele R.D.
942
_c
RB
654
_a
computers in medicines
245
_a
Computers in Medicines
260
_b
Tata Mc Graw hill
_a
New Delhi
_c
1993
300
_a
439
546
_a
ENGLISH
999
_c
21075
_d
21075